| 000 | 00920nam a2200253Ia 4500 | ||
|---|---|---|---|
| 003 | OSt | ||
| 005 | 20220923215250.0 | ||
| 006 | a|||||r|||| 00| 0 | ||
| 007 | ta | ||
| 008 | 220922b |||||||| |||| 00| 0 hin d | ||
| 024 | _a177,228 | ||
| 037 | _cTextual | ||
| 040 |
_aARTS _cARTS _bhin |
||
| 041 |
_2hin _ahin |
||
| 082 | _aO152,1K41:g, L7 | ||
| 100 | _aमोरे, एस0 एच | ||
| 245 | 0 |
_aसेवादास निरंजनी _b व्यक्तित्व एवं कृतित्व एक अनुशीलन |
|
| 246 | _aSevādās niranjanī: vyaktitva evan kṛutitva ek anushīlana | ||
| 260 |
_aमथुरा _b जवाहर पुस्तकालय _c1977 |
||
| 300 |
_a411 पृ. _ccm. |
||
| 650 |
_aहिन्दी साहित्य _9156264 |
||
| 942 |
_hO152,1K41:g, L7 _cTEXL _2CC |
||
| 999 |
_c330616 _d330616 |
||